[Event "Titled Tuesday intern op 16th June"]
[Site "Chess.com INT"]
[Date "2020.06.16"]
[Round "2"]
[White "Munkhzul, Turmunkh"]
[Black "Giri, Anish"]
[Result "1/2-1/2"]
[WhiteElo "2278"]
[BlackElo "2764"]
[PlyCount "95"]
[EventDate "2020.06.16"]
[EventType "swiss (blitz)"]
[EventRounds "10"]
[EventCountry "USA"]
[SourceTitle "EXT 2021"]
[Source "ChessBase"]
[SourceDate "2020.10.23"]
[SourceVersion "1"]
[SourceVersionDate "2020.10.23"]
[SourceQuality "1"]

1. e4 c6 2. d4 d5 3. e5 Bf5 4. Nf3 e6 5. Be2 Ne7 6. O-O h6 7. Nbd2 Nd7 8. Nb3
a5 9. a4 Qc7 10. Be3 Bh7 11. c3 Nf5 12. Bf4 Be7 13. h3 Qb6 14. Bd3 Nh4 15. Nxh4
Bxd3 16. Qxd3 Qxb3 17. Nf3 c5 18. Nd2 Qb6 19. Be3 cxd4 20. cxd4 Qa6 21. Qxa6
Rxa6 22. Rfc1 Nb6 23. Rc7 Ra7 24. b3 Bd8 25. Rc2 Ra8 26. Nb1 Be7 27. Nc3 Rc8
28. Raa2 Kd7 29. Nb5 Bb4 30. Kf1 Rc6 31. Na7 Rxc2 32. Rxc2 Ra8 33. Nb5 Rc8 34.
Rxc8 Nxc8 35. Ke2 Ne7 36. Kd3 h5 37. Bd2 Bxd2 38. Kxd2 h4 39. Nd6 Nc6 40. Kc3
Nd8 41. f4 f6 42. b4 b6 43. b5 f5 44. Kd3 Ke7 45. Nc8+ Kd7 46. Nd6 Ke7 47. Nc8+
Kd7 48. Nd6 1/2-1/2

[Event "Titled Tuesday intern op 16th June"]
[Site "Chess.com INT"]
[Date "2020.06.16"]
[Round "3"]
[White "Giri, Anish"]
[Black "Goryachkina, Aleksandra"]
[Result "1-0"]
[WhiteElo "2764"]
[BlackElo "2582"]
[PlyCount "75"]
[EventDate "2020.06.16"]
[EventType "swiss (blitz)"]
[EventRounds "10"]
[EventCountry "USA"]
[SourceTitle "EXT 2021"]
[Source "ChessBase"]
[SourceDate "2020.10.23"]
[SourceVersion "1"]
[SourceVersionDate "2020.10.23"]
[SourceQuality "1"]

1. d4 d5 2. c4 e6 3. Nf3 Nf6 4. Nc3 Nbd7 5. cxd5 exd5 6. Qc2 c6 7. Bg5 Be7 8.
e3 O-O 9. Bd3 Re8 10. O-O Nf8 11. Rab1 h6 12. Bh4 Ne4 13. Bxe7 Qxe7 14. Bxe4
dxe4 15. Nd2 f5 16. Ne2 Be6 17. b4 Bd5 18. b5 Ne6 19. bxc6 bxc6 20. Nc4 c5 21.
Ne5 cxd4 22. Nxd4 Nxd4 23. exd4 f4 24. Rb5 Rad8 25. Re1 Qe6 26. Qc7 a6 27. Rb6
Qf5 28. Rxa6 f3 29. Rg6 Bf7 30. Rg3 Rxd4 31. Ng4 Kh8 32. h3 fxg2 33. Rb1 Rd3
34. Ne3 Qf6 35. Rb6 Qe7 36. Qf4 Rf8 37. Rxh6+ Kg8 38. Rxg7+ 1-0

[Event "Titled Tuesday intern op 16th June"]
[Site "Chess.com INT"]
[Date "2020.06.16"]
[Round "3"]
[White "Vlachos, Anatole"]
[Black "Girish, A Koushnik"]
[Result "1-0"]
[WhiteElo "2401"]
[BlackElo "2498"]
[PlyCount "95"]
[EventDate "2020.06.16"]
[EventType "swiss (blitz)"]
[EventRounds "10"]
[EventCountry "USA"]
[SourceTitle "EXT 2021"]
[Source "ChessBase"]
[SourceDate "2020.10.23"]
[SourceVersion "1"]
[SourceVersionDate "2020.10.23"]
[SourceQuality "1"]

1. f4 d5 2. Nf3 g6 3. g3 Bg7 4. Bg2 c5 5. O-O Nc6 6. d3 Nf6 7. Qe1 d4 8. Na3
O-O 9. Nc4 Nd5 10. Bd2 b6 11. Nfe5 Nxe5 12. Nxe5 Bb7 13. c4 dxc3 14. bxc3 Qc7
15. e4 Nf6 16. Rc1 Rad8 17. d4 e6 18. g4 cxd4 19. cxd4 Qb8 20. Bc3 Qa8 21. Bb4
Rfe8 22. Rc7 Bxe4 23. Bxe4 Qxe4 24. Qxe4 Nxe4 25. Nxf7 Rxd4 26. a3 a5 27. Be1
Rd3 28. Ne5 Rxa3 29. Rb7 a4 30. Rxb6 Rb3 31. Ra6 a3 32. Rf3 Rxf3 33. Nxf3 Bf8
34. Kf1 Rc8 35. Nd4 Rc1 36. Ke2 Nc3+ 37. Bxc3 Rxc3 38. Nxe6 Bb4 39. f5 gxf5 40.
gxf5 h6 41. Nf4 Rb3 42. Ra8+ Kf7 43. Ra7+ Ke8 44. f6 Rb2+ 45. Kf3 a2 46. Ne6
Rb3+ 47. Ke4 Ra3 48. f7# 1-0

[Event "Titled Tuesday intern op 16th June"]
[Site "Chess.com INT"]
[Date "2020.06.16"]
[Round "4"]
[White "Giri, Anish"]
[Black "Javakhadze, Zurab"]
[Result "1-0"]
[WhiteElo "2764"]
[BlackElo "2454"]
[PlyCount "71"]
[EventDate "2020.06.16"]
[EventType "swiss (blitz)"]
[EventRounds "10"]
[EventCountry "USA"]
[SourceTitle "EXT 2021"]
[Source "ChessBase"]
[SourceDate "2020.10.23"]
[SourceVersion "1"]
[SourceVersionDate "2020.10.23"]
[SourceQuality "1"]

1. d4 Nf6 2. c4 e6 3. Nf3 b6 4. g3 Bb7 5. Bg2 Bb4+ 6. Bd2 Bxd2+ 7. Qxd2 d6 8.
O-O Nbd7 9. Qc2 O-O 10. Nc3 e5 11. d5 a5 12. a3 Ne8 13. b4 f5 14. Nd2 g6 15.
Nb3 axb4 16. axb4 Nef6 17. Rxa8 Qxa8 18. Ra1 Qb8 19. Qd2 Kg7 20. Rb1 Ba6 21. c5
bxc5 22. bxc5 Qa7 23. c6 Nc5 24. Qa2 Ra8 25. Nxc5 Qxc5 26. Qd2 Ng4 27. e3 e4
28. Ra1 Ne5 29. Qd4 Qxd4 30. exd4 Nd3 31. Nb5 Rb8 32. Nxc7 Bc4 33. Bf1 Kf6 34.
Ra4 Bb3 35. Ra7 Rb4 36. Rb7 1-0

[Event "Titled Tuesday intern op 16th June"]
[Site "Chess.com INT"]
[Date "2020.06.16"]
[Round "5"]
[White "Bocharov, Dmitry"]
[Black "Giri, Anish"]
[Result "0-1"]
[WhiteElo "2524"]
[BlackElo "2764"]
[PlyCount "122"]
[EventDate "2020.06.16"]
[EventType "swiss (blitz)"]
[EventRounds "10"]
[EventCountry "USA"]
[SourceTitle "EXT 2021"]
[Source "ChessBase"]
[SourceDate "2020.10.23"]
[SourceVersion "1"]
[SourceVersionDate "2020.10.23"]
[SourceQuality "1"]

1. c4 Nf6 2. g3 e5 3. Bg2 Bc5 4. Nc3 c6 5. e3 d6 6. Nge2 O-O 7. O-O Re8 8. d4
Bb6 9. h3 Nbd7 10. b4 e4 11. Rb1 d5 12. b5 Nf8 13. bxc6 bxc6 14. cxd5 cxd5 15.
Ba3 Ng6 16. Qb3 Be6 17. Rfc1 h5 18. Na4 Qd7 19. Kh2 h4 20. Nxb6 axb6 21. Rc3
hxg3+ 22. fxg3 Reb8 23. Rbc1 Rb7 24. Bb4 Nh7 25. a3 Ng5 26. Ng1 Bf5 27. Qd1 Re8
28. Qh5 Nh7 29. Qe2 Ng5 30. Qh5 Nh7 31. Qe2 Nf6 32. Qf2 Be6 33. Ne2 Nh7 34. Nf4
Nxf4 35. Qxf4 Qb5 36. Bf1 Qa4 37. g4 Rbb8 38. Rc7 Rbc8 39. Kg3 Rxc7 40. Rxc7
Qd1 41. Bg2 Qd3 42. Bf1 Qd1 43. Bg2 Qd3 44. Bd6 g5 45. Qf2 Rc8 46. Rxc8+ Bxc8
47. Be5 Qxa3 48. h4 gxh4+ 49. Kxh4 Qe7+ 50. Kg3 b5 51. Qc2 Be6 52. Qc6 Nf8 53.
Qxb5 Ng6 54. Qb8+ Kh7 55. Bh3 Qh4+ 56. Kg2 Bxg4 57. Bxg4 Qxg4+ 58. Kf2 Qf3+ 59.
Kg1 Qxe3+ 60. Kg2 Qf3+ 61. Kg1 e3 0-1

[Event "Titled Tuesday intern op 16th June"]
[Site "Chess.com INT"]
[Date "2020.06.16"]
[Round "5"]
[White "Vyatkin, Dmitry"]
[Black "Girish, A Koushnik"]
[Result "1/2-1/2"]
[WhiteElo "2362"]
[BlackElo "2498"]
[PlyCount "167"]
[EventDate "2020.06.16"]
[EventType "swiss (blitz)"]
[EventRounds "10"]
[EventCountry "USA"]
[SourceTitle "EXT 2021"]
[Source "ChessBase"]
[SourceDate "2020.10.23"]
[SourceVersion "1"]
[SourceVersionDate "2020.10.23"]
[SourceQuality "1"]

1. d4 Nf6 2. c4 e6 3. g3 d5 4. Nf3 Bb4+ 5. Bd2 Bd6 6. Bg2 O-O 7. O-O Nbd7 8.
Qc2 c6 9. Rd1 Qe7 10. b3 h6 11. Nc3 dxc4 12. bxc4 e5 13. d5 cxd5 14. cxd5 a6
15. Nh4 Nc5 16. Nf5 Bxf5 17. Qxf5 b5 18. Rac1 Rfc8 19. g4 g6 20. Qf3 b4 21. Nb1
e4 22. Qh3 Nxd5 23. Bxh6 Nf4 24. Bxf4 Bxf4 25. e3 Be5 26. Rc4 Bg7 27. Rdc1 a5
28. Nd2 Bc3 29. Nxe4 Nxe4 30. Rxe4 Qd7 31. Rf4 Be5 32. Rxc8+ Rxc8 33. Re4 Rc1+
34. Bf1 Qd5 35. Qf3 a4 36. Kg2 b3 37. axb3 axb3 38. Rb4 Qxf3+ 39. Kxf3 Rxf1 40.
Rxb3 Bxh2 41. Kg2 Rg1+ 42. Kxh2 Rxg4 43. f3 Ra4 44. Kg3 Kg7 45. e4 g5 46. Kg4
Kg6 47. Rb6+ f6 48. Rb5 Ra1 49. Rf5 Rg1+ 50. Kh3 Rh1+ 51. Kg2 Re1 52. Kf2 Ra1
53. Ke3 Ra3+ 54. Kd4 Ra8 55. Ke3 Ra6 56. Kf2 Kh5 57. Kg3 Kg6 58. Kg2 Rb6 59.
Kg3 Rb2 60. Kh3 Re2 61. Kg3 Rc2 62. Kh3 Rc3 63. Kg3 Rc1 64. Kg2 Ra1 65. Kg3 Rh1
66. Kf2 Rh4 67. Kg3 Rh1 68. Kg2 Rh8 69. Kg3 Re8 70. Kg2 Re5 71. Rxe5 fxe5 72.
Kh3 Kh5 73. Kg3 Kh6 74. Kg4 Kg6 75. Kh3 Kh5 76. Kg3 g4 77. fxg4+ Kg5 78. Kf3
Kh4 79. g5 Kxg5 80. Kg3 Kh5 81. Kh3 Kg5 82. Kg3 Kh5 83. Kh3 Kg5 84. Kg3 1/2-1/2

[Event "Titled Tuesday intern op 16th June"]
[Site "Chess.com INT"]
[Date "2020.06.16"]
[Round "6"]
[White "Bykhovsky, Anatoly"]
[Black "Giri, Anish"]
[Result "1/2-1/2"]
[WhiteElo "2496"]
[BlackElo "2764"]
[PlyCount "93"]
[EventDate "2020.06.16"]
[EventType "swiss (blitz)"]
[EventRounds "10"]
[EventCountry "USA"]
[SourceTitle "EXT 2021"]
[Source "ChessBase"]
[SourceDate "2020.10.23"]
[SourceVersion "1"]
[SourceVersionDate "2020.10.23"]
[SourceQuality "1"]

1. d4 Nf6 2. Nf3 d5 3. c4 c6 4. Nc3 e6 5. Bg5 h6 6. Bxf6 Qxf6 7. g3 Nd7 8. Bg2
Qd8 9. O-O Be7 10. e4 dxc4 11. Qe2 Nb6 12. Rfd1 O-O 13. Ne5 Bf6 14. Nxc4 Bxd4
15. e5 a6 16. Nd6 c5 17. Nxb7 Bxb7 18. Bxb7 Ra7 19. Bxa6 Qb8 20. Re1 Nd7 21.
Nb5 Rxa6 22. Nxd4 Qa8 23. Nb5 Rxa2 24. Rad1 Nb6 25. Nc3 Ra7 26. Rd6 Rb7 27.
Red1 Na4 28. Ra6 Nxc3 29. bxc3 Qb8 30. Rad6 Rb1 31. Qd3 Rxd1+ 32. Qxd1 Qb7 33.
h4 Qe4 34. Rd8 Rxd8 35. Qxd8+ Kh7 36. Qc7 Qe1+ 37. Kg2 Qxc3 38. h5 Qd4 39. Qxf7
Qe4+ 40. Kg1 Qe1+ 41. Kg2 Qe4+ 42. Kh2 Qxe5 43. Qg6+ Kg8 44. Qe8+ Kh7 45. Qg6+
Kg8 46. Qe8+ Kh7 47. Qg6+ 1/2-1/2

[Event "Titled Tuesday intern op 16th June"]
[Site "Chess.com INT"]
[Date "2020.06.16"]
[Round "6"]
[White "Girish, A Koushnik"]
[Black "Wu, Brandon"]
[Result "1-0"]
[WhiteElo "2498"]
[BlackElo "2123"]
[PlyCount "80"]
[EventDate "2020.06.16"]
[EventType "swiss (blitz)"]
[EventRounds "10"]
[EventCountry "USA"]
[SourceTitle "EXT 2021"]
[Source "ChessBase"]
[SourceDate "2020.10.23"]
[SourceVersion "1"]
[SourceVersionDate "2020.10.23"]
[SourceQuality "1"]

1. d4 Nf6 2. Bg5 Ne4 3. Bf4 d5 4. f3 Nf6 5. Nc3 g6 6. e4 dxe4 7. fxe4 Bg7 8.
Nf3 Bg4 9. Bc4 O-O 10. Qd2 c5 11. d5 a6 12. a4 b6 13. h3 Bxf3 14. gxf3 Nh5 15.
Bh6 Nd7 16. Be2 Bxh6 17. Qxh6 e5 18. O-O-O Qf6 19. Rdg1 Qf4+ 20. Qxf4 Nxf4 21.
h4 b5 22. axb5 axb5 23. Bxb5 Nb6 24. Kd2 f5 25. h5 fxe4 26. fxe4 Kg7 27. hxg6
hxg6 28. b3 Rh8 29. Ne2 Nxe2 30. Bxe2 Rxh1 31. Rxh1 Rf8 32. Ke3 Ra8 33. Rg1 Kf6
34. Rf1+ Ke7 35. Bg4 Rh8 36. Ra1 Rh4 37. Kf3 Rh2 38. Ra6 Rxc2 39. Rxb6 g5 40.
d6+ Kd8 1-0

[Event "Titled Tuesday intern op 16th June"]
[Site "Chess.com INT"]
[Date "2020.06.16"]
[Round "7"]
[White "Giri, Anish"]
[Black "Adly, Ahmed"]
[Result "1-0"]
[WhiteElo "2764"]
[BlackElo "2615"]
[PlyCount "61"]
[EventDate "2020.06.16"]
[EventType "swiss (blitz)"]
[EventRounds "10"]
[EventCountry "USA"]
[SourceTitle "EXT 2021"]
[Source "ChessBase"]
[SourceDate "2020.10.23"]
[SourceVersion "1"]
[SourceVersionDate "2020.10.23"]
[SourceQuality "1"]

1. d4 Nf6 2. c4 e6 3. Nc3 d5 4. cxd5 Nxd5 5. e4 Nxc3 6. bxc3 c5 7. Rb1 Be7 8.
Nf3 O-O 9. h4 b6 10. h5 cxd4 11. cxd4 Ba6 12. Bxa6 Nxa6 13. h6 g6 14. O-O Qd7
15. Qb3 Rfd8 16. Rd1 Qb7 17. d5 Nc5 18. Qc3 f6 19. Qe3 Kf7 20. Bb2 Rac8 21. Qf4
exd5 22. Bxf6 Bxf6 23. e5 Ne4 24. exf6 Qc7 25. Ng5+ Nxg5 26. Qxg5 Rd7 27. Rxd5
Rxd5 28. Qxd5+ Kxf6 29. Re1 Qc5 30. Re6+ Kf7 31. Qd7+ 1-0

[Event "Titled Tuesday intern op 16th June"]
[Site "Chess.com INT"]
[Date "2020.06.16"]
[Round "7"]
[White "Shapiro, David"]
[Black "Girish, A Koushnik"]
[Result "1-0"]
[WhiteElo "2392"]
[BlackElo "2498"]
[PlyCount "59"]
[EventDate "2020.06.16"]
[EventType "swiss (blitz)"]
[EventRounds "10"]
[EventCountry "USA"]
[SourceTitle "EXT 2021"]
[Source "ChessBase"]
[SourceDate "2020.10.23"]
[SourceVersion "1"]
[SourceVersionDate "2020.10.23"]
[SourceQuality "1"]

1. d4 Nf6 2. Bf4 g6 3. Nc3 Bg7 4. e4 d6 5. Qd2 a6 6. f3 b5 7. Bh6 O-O 8. O-O-O
Nbd7 9. h4 e5 10. dxe5 Nxe5 11. h5 b4 12. Nd5 Nxd5 13. Bxg7 Kxg7 14. hxg6 Nf6
15. Qh6+ Kg8 16. g7 Re8 17. g4 Bxg4 18. fxg4 Nexg4 19. Qh4 Qe7 20. Bd3 Qe5 21.
Rf1 a5 22. Rf5 Qd4 23. Nf3 Qe3+ 24. Kb1 a4 25. Rxf6 Nxf6 26. e5 Qxf3 27. Bxh7+
Kxg7 28. Qh6+ Kh8 29. Bg6+ Kg8 30. Qh8# 1-0

[Event "Titled Tuesday intern op 16th June"]
[Site "Chess.com INT"]
[Date "2020.06.16"]
[Round "8"]
[White "Theodorou, Nikolas"]
[Black "Giri, Anish"]
[Result "1-0"]
[WhiteElo "2554"]
[BlackElo "2764"]
[PlyCount "83"]
[EventDate "2020.06.16"]
[EventType "swiss (blitz)"]
[EventRounds "10"]
[EventCountry "USA"]
[SourceTitle "EXT 2021"]
[Source "ChessBase"]
[SourceDate "2020.10.23"]
[SourceVersion "1"]
[SourceVersionDate "2020.10.23"]
[SourceQuality "1"]

1. e4 c5 2. Nc3 d6 3. f4 Nc6 4. Nf3 g6 5. Bb5 Bd7 6. O-O Bg7 7. d3 a6 8. Bxc6
Bxc6 9. Be3 Nf6 10. Qe1 b5 11. Qh4 b4 12. Ne2 h6 13. Rad1 a5 14. Rfe1 Qc7 15.
e5 Nd5 16. Bf2 O-O-O 17. c4 Nb6 18. d4 Bxf3 19. Qh3+ Kb8 20. Qxf3 Nxc4 21. Rc1
d5 22. dxc5 g5 23. Nd4 h5 24. c6 g4 25. Qb3 Bh6 26. Qa4 Bxf4 27. Rxc4 dxc4 28.
Qb5+ Ka8 29. Ne6 fxe6 30. Qa6+ Kb8 31. Qb5+ Ka8 32. Bb6 Rc8 33. Qxa5+ Kb8 34.
Bxc7+ Rxc7 35. Qxb4+ Kc8 36. Qxc4 Rf8 37. Qxe6+ Kb8 38. g3 Bd2 39. Re4 Ba5 40.
Qb3+ Kc8 41. Ra4 Ra7 42. Rxa5 1-0

[Event "Titled Tuesday intern op 16th June"]
[Site "Chess.com INT"]
[Date "2020.06.16"]
[Round "9"]
[White "Giri, Anish"]
[Black "Gabrielian, Artur"]
[Result "0-1"]
[WhiteElo "2764"]
[BlackElo "2463"]
[PlyCount "96"]
[EventDate "2020.06.16"]
[EventType "swiss (blitz)"]
[EventRounds "10"]
[EventCountry "USA"]
[SourceTitle "EXT 2021"]
[Source "ChessBase"]
[SourceDate "2020.10.23"]
[SourceVersion "1"]
[SourceVersionDate "2020.10.23"]
[SourceQuality "1"]

1. e4 c5 2. Nf3 d6 3. d4 cxd4 4. Nxd4 Nf6 5. Nc3 Nc6 6. Bg5 e6 7. Qd2 a6 8.
O-O-O Bd7 9. Kb1 Be7 10. Nxc6 Bxc6 11. f3 h6 12. Be3 d5 13. e5 Nd7 14. f4 b5
15. Ne2 Nc5 16. Qc3 b4 17. Qxb4 Ne4 18. Qe1 Rb8 19. Ka1 Ba4 20. Rc1 Qc7 21. Nd4
O-O 22. Bd3 Rfc8 23. Bxe4 dxe4 24. c4 Qb7 25. Qe2 Bd7 26. g4 a5 27. f5 a4 28.
fxe6 Bxe6 29. Nxe6 fxe6 30. g5 hxg5 31. Rhg1 a3 32. b3 Qc7 33. Bd4 Qc6 34. Rg4
Rf8 35. Rcg1 Rf5 36. Kb1 Rbf8 37. h4 Qd7 38. Qxe4 Bc5 39. Rc1 Rf4 40. Rxf4 Rxf4
41. Qa8+ Rf8 42. Qg2 Qxd4 43. hxg5 Qxe5 44. g6 Qf5+ 45. Rc2 Qf1+ 46. Qxf1 Rxf1+
47. Rc1 Rxc1+ 48. Kxc1 Kf8 0-1

[Event "Titled Tuesday intern op 16th June"]
[Site "Chess.com INT"]
[Date "2020.06.16"]
[Round "9"]
[White "Toczek, Grzegorz"]
[Black "Girish, A Koushnik"]
[Result "1/2-1/2"]
[WhiteElo "2271"]
[BlackElo "2498"]
[PlyCount "151"]
[EventDate "2020.06.16"]
[EventType "swiss (blitz)"]
[EventRounds "10"]
[EventCountry "USA"]
[SourceTitle "EXT 2021"]
[Source "ChessBase"]
[SourceDate "2020.10.23"]
[SourceVersion "1"]
[SourceVersionDate "2020.10.23"]
[SourceQuality "1"]

1. e4 e5 2. Nf3 Nc6 3. Nc3 Nf6 4. d4 exd4 5. Nxd4 Bb4 6. Nxc6 bxc6 7. Bd3 d5 8.
exd5 cxd5 9. O-O O-O 10. h3 h6 11. Qf3 c6 12. Bf4 Bd6 13. Rfe1 Rb8 14. b3 Rb4
15. Bxd6 Qxd6 16. Rad1 Rf4 17. Qe2 a5 18. Na4 c5 19. Qe5 Qxe5 20. Rxe5 c4 21.
Bf1 Be6 22. g3 Re4 23. Rxe4 Nxe4 24. Bg2 Rc8 25. Nb6 Nc3 26. Re1 Rc6 27. Re3
Rxb6 28. Rxc3 d4 29. Rf3 d3 30. cxd3 c3 31. Re3 a4 32. d4 axb3 33. axb3 Rxb3
34. Be4 Ra3 35. Bc2 Kf8 36. g4 g5 37. Kf1 Bc4+ 38. Kg2 Bd5+ 39. Kf1 f6 40. Ke2
Bc4+ 41. Kf3 Kf7 42. Ke4 Ke6 43. d5+ Bxd5+ 44. Kd4+ Kd6 45. Re8 Bg2 46. Rh8 Ke7
47. Rxh6 Ke6 48. Rh7 Ra2 49. Bf5+ Kd6 50. Kxc3 Rxf2 51. Kd4 Rf4+ 52. Ke3 Rf3+
53. Kd4 Bxh3 54. Rf7 Bxg4 55. Bxg4 Rf4+ 56. Ke3 Rxg4 57. Rxf6+ Ke5 58. Ra6 Rg3+
59. Kf2 Rb3 60. Kg2 Kf4 61. Ra4+ Kf5 62. Rc4 Kg6 63. Ra4 Kh5 64. Rc4 g4 65. Rc8
Kh4 66. Rh8+ Kg5 67. Rg8+ Kf4 68. Rf8+ Ke5 69. Re8+ Kf5 70. Rf8+ Ke6 71. Rg8
Kf5 72. Rf8+ Ke4 73. Re8+ Kf4 74. Rf8+ Kg5 75. Rg8+ Kf5 76. Rf8+ 1/2-1/2

[Event "Titled Tuesday intern op 16th June"]
[Site "Chess.com INT"]
[Date "2020.06.16"]
[Round "10"]
[White "Giri, Anish"]
[Black "Kovalev, Denis"]
[Result "1-0"]
[WhiteElo "2764"]
[BlackElo "2487"]
[PlyCount "79"]
[EventDate "2020.06.16"]
[EventType "swiss (blitz)"]
[EventRounds "10"]
[EventCountry "USA"]
[SourceTitle "EXT 2021"]
[Source "ChessBase"]
[SourceDate "2020.10.23"]
[SourceVersion "1"]
[SourceVersionDate "2020.10.23"]
[SourceQuality "1"]

1. d4 Nf6 2. c4 c6 3. Nc3 d5 4. Nf3 e6 5. Bg5 h6 6. Bh4 Nbd7 7. e3 Be7 8. Bd3
O-O 9. O-O dxc4 10. Bxc4 c5 11. dxc5 Nxc5 12. Qc2 Bd7 13. Rfd1 Qb6 14. Ne5 Rfd8
15. Rd4 Be8 16. Rad1 Rac8 17. h3 Rxd4 18. exd4 Ncd7 19. Qe2 Qd8 20. Bb3 Nb6 21.
Qf3 Bc6 22. Nxc6 Rxc6 23. Bg3 Nbd5 24. Be5 Bb4 25. Ne2 Be7 26. a3 Qb6 27. Qd3
Qa6 28. Qf3 Qb5 29. Ng3 Nc3 30. bxc3 Qxb3 31. Rd3 Qxa3 32. Bxf6 Bxf6 33. Nh5
Qe7 34. Qf4 Rc8 35. Rg3 Bg5 36. Qg4 f5 37. Qf3 g6 38. h4 gxh5 39. Qxh5 Qf7 40.
Qxh6 1-0

[Event "Titled Tuesday intern op 16th June"]
[Site "Chess.com INT"]
[Date "2020.06.16"]
[Round "10"]
[White "Girish, A Koushnik"]
[Black "Yakovich, Yuri"]
[Result "1-0"]
[WhiteElo "2498"]
[BlackElo "2526"]
[PlyCount "59"]
[EventDate "2020.06.16"]
[EventType "swiss (blitz)"]
[EventRounds "10"]
[EventCountry "USA"]
[SourceTitle "EXT 2021"]
[Source "ChessBase"]
[SourceDate "2020.10.23"]
[SourceVersion "1"]
[SourceVersionDate "2020.10.23"]
[SourceQuality "1"]

1. d4 d5 2. c4 e6 3. Nc3 c6 4. e3 Nf6 5. Nf3 Nbd7 6. Qc2 Bd6 7. g4 h6 8. Rg1
dxc4 9. Bxc4 b5 10. Bb3 Bb7 11. h4 b4 12. g5 bxc3 13. gxf6 Qxf6 14. Qe4 O-O 15.
bxc3 Rab8 16. Bc2 g6 17. Qg4 c5 18. Nd2 e5 19. Qxd7 exd4 20. cxd4 cxd4 21. Ne4
Bb4+ 22. Kf1 Qa6+ 23. Kg2 Rbe8 24. Qxd4 Qc6 25. Bb2 f6 26. Bb3+ Kh7 27. f3 a5
28. Rac1 Qb5 29. Rc7+ Kh8 30. Qxf6+ 1-0

[Event "Chessable Masters Final"]
[Site "chess24.com INT"]
[Date "2020.06.30"]
[Round "2.12"]
[White "Giri, Anish"]
[Black "Nepomniachtchi, Ian"]
[Result "1-0"]
[WhiteElo "2764"]
[BlackElo "2784"]
[Annotator "Edouard,R"]
[PlyCount "53"]
[EventDate "2020.06.25"]
[EventType "k.o. (rapid)"]
[EventRounds "3"]
[EventCountry "GER"]
[SourceTitle "CBM 197"]
[Source "ChessBase"]
[SourceDate "2020.07.27"]
[SourceVersion "1"]
[SourceVersionDate "2020.07.27"]
[SourceQuality "1"]

{[%evp 0,53,27,30,25,3,3,3,3,-13,45,44,49,49,50,50,59,50,71,71,71,71,91,62,62,
67,61,36,32,31,57,57,68,30,38,27,6,17,28,-10,22,-30,-11,-138,-37,1,151,242,242,
242,242,233,256,246,430,408]} 1. d4 Nf6 2. c4 e6 3. Nf3 d5 4. Nc3 c5 5. cxd5
Nxd5 6. e4 Nxc3 7. bxc3 cxd4 8. cxd4 Bb4+ 9. Bd2 Bxd2+ 10. Qxd2 O-O 11. Bc4 Nd7
12. O-O b6 13. d5 $5 {One of the many possible lines against the semi-Tarrasch.
} Nc5 {The main move.} 14. Rfe1 exd5 (14... Bb7 {is the other critical move,
where two highly critical games were played:} 15. Rad1 Rc8 (15... exd5 16. exd5
Qf6 17. Qe3 Rad8 18. h4 h6 19. h5 Rd6 20. Rd4 Qf5 21. Nh4 Qd7 22. Qg3 $16 {
½-½ (55) Aronian,L (2799)-Matlakov,M (2728) Tbilisi 2017}) 16. h4 Qf6 17. Qe3
exd5 18. exd5 a6 19. h5 (19. d6 $5) (19. Ng5 $5) 19... b5 20. Bf1 h6 21. Rd4
Rfd8 $13 {½-½ (43) Giri,A (2764)-Ding Liren (2791) chess24.com 2020}) 15.
exd5 (15. Bxd5 Bb7 {hasn't brought White much in practice.}) 15... Qd6 16. Qd4
$5 $146 {This novely is more dangerous than it looks like. White is just
playing for space and tactical tricks as later in the game.} Bb7 17. Rad1 Rae8
(17... a6 18. a3 Rac8 19. Ne5 b5 20. Ba2 Na4 21. Re3 {also looks unpleasant
for Black, at least visually!}) 18. Ne5 a6 19. a3 $1 Re7 20. Re3 {All the
moves played until here looked more or less normal. Actually, the next one as
well - but it is a losing blunder!} Rfe8 $2 {The most natural move, but also
the losing one!} (20... b5 21. Ba2 Rfe8 {and here Nxf7 no longer works but fter
} 22. Rde1 $1 f6 23. Nd3 Rxe3 24. Rxe3 Rc8 25. Re1 {Black is under pressure.})
21. Nxf7 $3 {What a trick!} Kxf7 (21... Rxe3 22. Nxd6 Re1+ 23. Rxe1 Rxe1+ 24.
Bf1 $18) 22. Re6 $1 Qd8 (22... Nxe6 23. dxe6+ $18) 23. Qf4+ Kg8 24. Rxe7 Rxe7
25. d6+ Re6 26. d7 g6 27. Rd6 {A perfect game by White! Sometimes, chess just
looks easy.} 1-0